000 00566nam a22001577a 4500
003 OSt
005 20151106084315.0
008 151106b xxu||||| |||| 00| 0 eng d
040 _cRUA
082 _aFOR MEA 1997 B124 Or.1
100 _93424
_aMEAS, RITHY.
245 _acontribution of watershed classification in bokor area (វិភាគទាននៃការរៀប​ចំចំណាត់ថ្នាក់ទីជំរាលនៅតំបន់បូកគោ)
260 _aPhnom Penh
_bRUA
_c1997
300 _a96p.
_bill.
_c29cm,
942 _2ddc
_cFOR
999 _c3194
_d3194